Origen de la agricultura

Gardado en:
Detalles Bibliográficos
Autor Principal: San Valero Aparisi, Julián (Author)
Formato: Libro
Idioma:Lingua castelá
Publicado: Valencia Institucion Alfonso el Magnánimo 1955
Series:Etnología Valenciana, 1
Subjects:
Tags: Engadir etiqueta
Sen Etiquetas, Sexa o primeiro en etiquetar este rexistro!

MARC

LEADER 00000nam a2200000 a 4500
001 UCO1242
003 CL-VaPUC
008 000512e19550000SP |||||||||||||||||spa|d
082 0 4 |a 305.8  |b SAN  |2 21 
100 0 |a San Valero Aparisi, Julián  |e author  |9 443175 
245 1 0 |a Origen de la agricultura 
300 |a 55 p 
942 |c BK 
945 |d 20000512 00:00:00  |a rherrera 
260 |a Valencia  |b Institucion Alfonso el Magnánimo  |c 1955 
650 0 |a Etnología   |9 258726 
650 0 |a Cultura valenciana  |9 443176 
650 0 |a Agricultura  |9 255598 
651 0 |a España  |9 254926 
583 |a last modification  |c 20180514 10:40:45  |k Rodrigo Vera 
490 0 |a Etnología Valenciana, 1 
999 |c 287871  |d 287869 
952 |0 0  |1 0  |4 0  |6 305_800000000000000_SAN_1955  |7 0  |8 A  |9 334950  |a BIBHIS  |b BIBHIS  |d 2019-11-20  |i 1280023  |o 305.8 SAN 1955  |p 1280023  |r 2025-01-20  |w 2019-11-20  |y BK  |k HIS